Word Ladder: Eastwood Westerns Quiz Stats

 Plays Quiz Updated Apr 2, 2013

Support Sporcle.
Go Orange.
Score 0/31 Timer 03:00
0 Plays Today
Hint 4-Letter Word % Correct
✰ THE ____, THE BAD, AND THE UGLY ✰✰ GOOD ✰
95.4%
✰ A ____FUL OF DOLLARS ✰✰ FIST ✰
94.5%
✰ FOR A FEW DOLLARS ____✰ MORE ✰
93.4%
✰ UNFOR____N ✰GIVE
92.9%
Broken arm plasterCAST
92.7%
SwiftFAST
92.6%
FogMIST
92.6%
DesireWANT
92.3%
Sail supportMAST
92.1%
DonatedGAVE
91.7%
Jump in a lakeDIVE
91.7%
UnableCAN'T
91.5%
Stallion's mateMARE
90.8%
Make a roadPAVE
90.5%
Hermione's pointerWAND
90.5%
Poker assetHAND
87.6%
Hint 4-Letter Word % Correct
MarketMART
87.3%
DaybreakMORN
87.3%
Planetary satelliteMOON
86.9%
Mobster's henchmanGOON
86%
✰ ____ 'EM HIGH ✰✰ HANG ✰
85.9%
SupDINE
81.7%
Car door dentDING
81.5%
Mild expletiveDANG
80.7%
Temporary giftLOAN
75.4%
✰ ____ RIDER ✰✰ PALE ✰
73.9%
UrgeGOAD
71%
BurdenLOAD
70.7%
Cut of meatLOIN
69.8%
✰ THE OUTLAW JOSEY ____S ✰✰ WALE ✰
68.8%
✰ HIGH P____S DRIFTER ✰✰ LAIN ✰
66.9%

Today's Daily Dose

Missing Word
'80s Musicals

Word Ladder
Hereditary

Get the Picture
Food Names

From the Vault

Remove Ads.
Support Sporcle.
Get the best of Sporcle when you Go Orange. This ad-free experience offers more features, more stats, and more fun while also helping to support Sporcle. Thank you for becoming a member.

Show Comments

Extras

Top Quizzes Today


Score Distribution

Your Account Isn't Verified!

In order to create a playlist on Sporcle, you need to verify the email address you used during registration. Go to your Sporcle Settings to finish the process.

Report this User

Report this user for behavior that violates our Community Guidelines.

Details: